| 000 | 00950 a2200289 4500 | ||
|---|---|---|---|
| 001 | 2397097 | ||
| 005 | 20220326193247.0 | ||
| 010 | _a 85211621 | ||
| 020 | _a8524600071 | ||
| 040 |
_aDLC _cDLC _dDLC |
||
| 041 | 0 | _aporeng | |
| 043 | _as-bl--- | ||
| 050 | 0 | 0 |
_aN6655.5.C65 _bB75 1985 |
| 082 | 0 | 0 |
_a709/.81 _219 |
| 100 | 1 |
_aBrito, Ronaldo. _91239 |
|
| 245 | 1 | 0 |
_aNeoconcretismo : _bvřtice e ruptura do projeto construtivo brasileiro / _cRonaldo Brito. |
| 260 |
_aRio de Janeiro, RJ : _bFUNARTE/Instituto Nacional de Artes Pls̀ticas, _c1985. |
||
| 300 |
_a119 p. : _bill. (some col.) ; _c26 cm. |
||
| 490 | 1 |
_aTemas e debates ; _v4 |
|
| 500 | _aEnglish and Portuguese. | ||
| 500 | _aIncludes index. | ||
| 504 | _aBibliography: p. 115-117. | ||
| 650 | 0 |
_aConstructivism (Art) _zBrazil. _91240 |
|
| 650 | 0 |
_aArt, Brazilian _y20th century. _91241 |
|
| 830 | 0 |
_aTemas e debates (Series) ; _v4. _91479 |
|
| 906 |
_a7 _bcbc _corignew _d4 _encip _f19 _gy-gencatlg |
||
| 999 |
_c39 _d39 |
||